[Event "ESNH-ch 2021"]
[Site "Tornelo"]
[Date "2021.04.17"]
[Round "3.3"]
[White "Ziska, Helgi Dam"]
[Black "Darmanin, Jake"]
[Result "1-0"]
[WhiteElo "2539"]
[BlackElo "2106"]
[Annotator "TA"]
[PlyCount "121"]
[EventDate "2021.04.17"]
[EventType "tourn"]
[EventCountry "NET"]
[SourceTitle "playchess.com"]
[Source "ChessBase"]
[SourceQuality "1"]

{[%evp 21,121,25,17,32,54,13,22,29,47,51,89,12,13,13,35,34,95,91,87,97,170,191,183,183,239,209,204,89,90,93,72,83,91,82,86,85,118,84,197,201,210,222,211,225,353,339,337,353,2184,2085,1131,664,1104,946,891,890,859,831,769,769,769,769,767,764,744,737,712,661,800,747,662,618,580,562,845,825,1484,1577,1681,1597,1414,1379,12620,8921,6656,6536,6552,0,6211,7668,6424,6444,1956,1612,29981,29982,29981,29983,29983,29984,29983,29984]} 1. c4 Nf6 2. Nc3 e6 3. Nf3 d5 4. d4 c6 5. cxd5 exd5 6. Qc2 Bd6 7. Bg5 O-O 8. e3 Nbd7 9. Bd3 h6 10. Bh4 Re8 11. O-O Nf8 12. Rae1 {D36: Queen's Gambit Declined: Exchange Variation: Main line (5 Bg5 c6 6 Qc2).} Bd7 13. Kh1 {[#]} Bg4 $146 ({Predecessor:} 13... Rc8 14. Qb3 b5 15. Qc2 g6 16. a3 Kg7 17. Nd2 Qc7 18. Bg3 a5 19. Bxd6 Qxd6 {1-0 (41) Biriukov,O (2372)-Pavlov,G (2305) St Petersburg 2001}) 14. Nd2 {The position is equal.} g5 15. Bg3 Bxg3 16. hxg3 (16. fxg3 $16 Bh5 17. e4) 16... Bh5 17. b4 b6 18. Nf3 Qd6 (18... Ng6 $14) 19. Ne5 $16 Ng4 20. f4 f6 (20... gxf4 $16 {keeps fighting.} 21. gxf4 f6) 21. Nxg4 $18 Bxg4 {[#]} 22. b5 Bd7 (22... Rac8 {was worth a try.} 23. Qb3 Kg7 24. bxc6 Qxc6) 23. bxc6 Bxc6 24. Nb5 (24. e4 $18) 24... Bxb5 $16 25. Bxb5 Re7 26. Qb3 a6 27. Be2 Kg7 28. Rc1 Qe6 29. Rc3 gxf4 (29... b5 $16) 30. gxf4 $18 Rc8 31. Rxc8 (31. Bxa6 Rxc3 32. Qxc3 Qxe3 $11) 31... Qxc8 32. Rf3 (32. Qxd5 Rxe3 33. Bc4 Qe6) (32. Qxb6 $6 Rxe3 33. Bxa6 (33. Qxa6 Qxa6 34. Bxa6 Ra3 $14) 33... Qe6 $16) 32... b5 (32... Qe6 $142 33. Rg3+ (33. Bxa6 f5 $16) 33... Kh7 34. Bxa6 f5) 33. Rg3+ ({Inferior is} 33. Qxd5 Rxe3 34. Bd1 (34. Rxe3 Qc1+ {[%mdl 64] Double Attack} 35. Kh2 Qxe3 $11 {[%mdl 64] Double Attack}) 34... Rxf3 $14) 33... Kh8 34. Qxd5 {[%csl Gg3][%cal Rd5g8] [#]} Qc1+ $2 (34... Qe6 35. Qc5 f5 36. Qe5+ Qxe5 37. fxe5 Rb7) 35. Kh2 {[%csl Gg3][%cal Rd5g8]} Rg7 36. Rh3 Qe1 37. Rxh6+ Rh7 38. Rxh7+ Nxh7 39. Qd8+ Kg7 40. Qd7+ Kh8 41. Bd3 {[%csl Gd3][%cal Rd7h7]} Nf8 42. Qh3+ Kg7 43. Qg3+ Qxg3+ 44. Kxg3 {[%mdl 4096] Endgame KB-KN} Nd7 45. Kf3 Nb6 46. Ke2 Nd5 47. Kd2 Kf7 48. a4 Nc7 49. axb5 axb5 50. e4 Ke7 51. Ke3 b4 52. Bc4 Na8 53. Bb3 Nc7 54. Bc4 Na8 $1 55. g4 Nb6 56. Bb3 Nd7 57. f5 Kd6 58. Kf4 {White mates.} Ke7 59. g5 fxg5+ 60. Kxg5 Nf6 61. Kf4 {Weighted Error Value: White=0.33/Black=0.29} 1-0

[Event "ESNH-ch 2021"]
[Site "Tornelo"]
[Date "2021.04.17"]
[Round "3.4"]
[White "Wiedenkeller, Michael"]
[Black "Luke Brezmes, Cristofer"]
[Result "1-0"]
[WhiteElo "2445"]
[BlackElo "2043"]
[Annotator "TA"]
[PlyCount "47"]
[EventDate "2021.04.17"]
[EventType "tourn"]
[EventCountry "NET"]
[SourceTitle "playchess.com"]
[Source "ChessBase"]
[SourceQuality "1"]

{[%evp 17,47,0,0,-36,25,-8,-18,-29,2,0,0,-21,58,58,76,83,92,54,85,54,70,50,96,94,116,110,604,608,679,673,908,900]} 1. c4 c6 2. e4 d5 3. exd5 cxd5 4. d4 Nf6 5. Nc3 Nc6 6. Bg5 dxc4 7. Bxc4 e6 8. Nf3 Be7 9. O-O O-O 10. Qe2 {E57: Nimzo-Indian: Rubinstein: Main Line: 7...Nc6 8 a3 dxc4 9 Bxc4 cxd4.} Nd5 ({Better is} 10... Nxd4 $15 11. Nxd4 Qxd4) 11. Bxe7 {[#]} Ncxe7 $146 ({Predecessor:} 11... Ndxe7 12. Rfd1 Nd5 13. Ne5 Nxc3 14. bxc3 Qa5 15. Nxc6 bxc6 16. Rab1 Ba6 17. Bxa6 Qxa6 18. Qxa6 {1-0 (18) Charpentier,D (1881)-Andersson,S (1818) ICCF email 2013}) 12. Rfe1 {The position is equal.} a6 13. Ne5 b5 14. Bd3 Ng6 (14... Bb7 $11) 15. Nxd5 $14 {[#] Hoping for Bxg6.} exd5 16. Bxg6 hxg6 17. Rac1 Qg5 18. Rc3 Bf5 19. Nc6 Be6 20. Qe5 Qh4 21. Qg3 $36 {[%mdl 2048] Keeping Black busy.} g5 {[%mdl 8192]} (21... Qh5 $16) 22. Ne7+ $18 {White is clearly winning.} Kh7 23. Qd3+ g6 {[#]} 24. Rxe6 $1 {[%mdl 512] Weighted Error Value: White=0.11/Black=0.89} 1-0

[Event "ESNH-ch 2021"]
[Site "Tornelo"]
[Date "2021.04.17"]
[Round "3.5"]
[White "Berend, Fred"]
[Black "Apol, Luitjen Akselsson"]
[Result "1-0"]
[WhiteElo "2323"]
[BlackElo "2092"]
[Annotator "TA"]
[PlyCount "185"]
[EventDate "2021.04.17"]
[EventType "tourn"]
[EventCountry "NET"]
[SourceTitle "playchess.com"]
[Source "ChessBase"]
[SourceQuality "1"]

{[%evp 17,185,-5,20,0,1,6,2,0,0,0,0,0,2,0,0,4,8,-19,0,-77,-67,-66,-16,-16,-20,-11,-18,-11,-12,-49,-41,-68,-47,-66,-66,-68,-60,-61,-45,-51,0,0,0,0,503,0,220,234,220,159,170,147,243,247,241,6,6,7,693,691,696,675,2547,345,9602,9231,6079,9496,5193,4568,694,687,29960,29958,12831,475,443,431,645,638,10418,10418,10418,10411,9741,10376,12468,9819,29938,29940,29941,12849,29950,29939,29947,12850,12841,10424,10481,6494,29947,29952,29962,29960,29960,29964,29993,29967,29974,29971,29975,29972,29976,29971,29973,29973,29973,29968,29974,29969,29977,29972,29976,29977,29977,29978,29977,29978,29978,29976,29977,29977,29979,29978,29979,29978,29978,29971,29971,29970,29970,29969,29970,29970,11633,11633,29972,29974,29974,29975,29975,29976,29976,29977,29982,29978,29983,29984,29986,29987,29987,29988,29988,29989,29989,29990,29990,29991,29991,29992]} 1. g3 g6 2. Bg2 Bg7 3. e4 c5 4. f4 Nc6 5. d3 d6 6. Nf3 e5 7. O-O Nge7 8. c3 O-O 9. Na3 Rb8 {was the old line (9...exf4).} 10. f5 {B20: Sicilian: Unusual White 2nd moves.} gxf5 11. Nh4 {[%cal Rh4f5]} f4 12. gxf4 {The position is equal.} Ng6 13. Nf5 {[%cal Rf5g7]} exf4 14. Bxf4 Bxf5 15. exf5 Nxf4 16. Rxf4 {[#]} Qg5 $146 ({Predecessor:} 16... Be5 17. f6 Kh8 18. Rf5 Rg8 19. Kh1 Rg6 20. Qh5 Qf8 21. Qh4 Rh6 22. Rh5 Bxf6 23. Qh3 Rxh5 24. Qxh5 Ne5 25. Nc4 {½-½ (25) Claverie,R (2525)-Flores,D (2569) Sao Paulo 2015}) 17. Rf2 Kh8 18. Qf1 (18. Kh1 $11) 18... Ne5 $1 $17 19. h3 Qg3 20. Rd1 Rg8 21. d4 cxd4 22. cxd4 {And now f6 would win.} Nc6 23. Rd3 (23. f6 {seems wilder.} Bh6 24. Kh1 Qh4 25. Nc4 Rbd8 26. Re2) 23... Qh4 24. f6 Bh6 25. Nb5 Rbd8 26. Kh1 a6 27. Nc3 Nxd4 28. Ne4 $1 Ne6 (28... Nb5 $1 $15) 29. Nxd6 $11 Rxd6 30. Rxd6 {Hoping for Rd7.} Nf4 $2 {[%mdl 8192]} (30... Nd4 $1 $11) 31. Bxb7 $2 ({White has to play} 31. Rd4 $1 $18) 31... Nxh3 $2 (31... Nh5 $1 $11 32. Rd3 Ng3+ 33. Rxg3 Rxg3) 32. Rh2 $18 Qb4 33. Rxh3 {aiming for Rd7.} Qxb7+ 34. Qf3 ({And not} 34. Rf3 Be3 $11) 34... Qxb2 {[#]} (34... Qc8 $16 {is a better defense.} 35. Rh4 Bg5) 35. Rg3 $1 {[%cal Rg3g8]} Re8 36. Rg2 $2 (36. Rd1 $18 {Rh3 is the strong threat.} Qb4 37. Rdg1) 36... Qb4 $1 $11 {[%cal Rb4d6]} 37. Rd1 $40 {[%mdl 128] Strongly threatening Rdg1. White has some attack.} ({Not} 37. Rxa6 $2 Qe1+ 38. Rg1 Qh4+ 39. Kg2 Rg8+ 40. Kf1 Qc4+ 41. Kf2 Qc5+ 42. Ke2 Rxg1 $19) 37... Bg5 $2 {[%mdl 8192] [#] This move loses the game for Black.} 38. Rg4 $1 $18 {[%cal Rg4b4]} Qc5 39. Rdg1 Bh6 {[#]} 40. Qe4 $3 {[%mdl 512]} Rd8 $2 (40... Qf8 41. Qg2 Be3) 41. Rh4 {White wants to mate with Qxh7+!} Qe3 42. Qxe3 Bxe3 {[%mdl 4096] Endgame KRR-KRB} 43. Rg7 {[%csl Gg7][%cal Rh4h7][%mdl 64] Double Attack} h6 44. Rxf7 Bg5 45. Re4 Kg8 46. Ra7 (46. Ree7 $142 a5 47. Rg7+ Kf8 48. Ref7+ Ke8 49. Rh7 Rd1+ 50. Kg2 Bxf6 51. Rxf6) 46... Bxf6 47. Re6 Bg5 (47... Bd4 $142) 48. Rexa6 Kf8 49. Ra8 Rxa8 50. Rxa8+ {KR-KB} Ke7 51. Rc8 Kd7 52. Rc2 Bf4 53. Kg2 Bc7 54. Kf3 (54. Kh3 $142 Bd8 55. Kg4 Bc7 56. a4 Kc8 57. Rb2 Be5 58. Rb4 Bc7 59. Rb5) 54... Kc8 55. Ke4 Kb7 56. Rc1 (56. Rg2 $142 Bd8 57. Rg7+ Kc8 58. Rh7 Bf6 59. Rxh6 Bd8 60. Rh7 Kb8 61. Rh8) 56... Bd8 57. Kd5 Bg5 58. Rb1+ Ka8 59. Kc6 Bf4 60. Rb4 Be3 61. Re4 Ba7 62. Re6 h5 63. Re8+ Bb8 64. Rh8 h4 65. Rxh4 Ba7 66. Ra4 Kb8 67. Rf4 {[%cal Rf4f8]} Ka8 68. Kb5 Bb8 69. Ra4+ Ba7 70. Ka6 Bf2 71. Rf4 {[%cal Rf4f8]} Bc5 72. Rf5 Bd6 73. Kb6 Bg3 74. Rf7 Bb8 75. Ka6 Bg3 76. Ra7+ Kb8 77. Rg7 Bf2 78. Rg2 Bd4 79. Rg8+ Kc7 80. Rg4 Bf2 81. Rb4 Bg1 82. Rb7+ {White mates.} Kc8 83. Rb5 Kc7 84. Ka5 Be3 85. Kb4 Bd2+ 86. Kc4 Be3 87. Kd5 Bb6 88. a4 {[%cal Ba2a4,Ba4a5,Ba5a6][%mdl 32]} Be3 89. a5 Bf2 90. a6 Bb6 91. Rb3 Bf2 92. Rb7+ Kc8 93. Kc6 {Weighted Error Value: White=0.69/Black=1.06} 1-0

[Event "ESNH-ch 2021"]
[Site "Tornelo"]
[Date "2021.04.17"]
[Round "4.1"]
[White "Constantinou, Pavlos"]
[Black "Apol, Luitjen Akselsson"]
[Result "1/2-1/2"]
[WhiteElo "2120"]
[BlackElo "2092"]
[Annotator "TA"]
[PlyCount "90"]
[EventDate "2021.04.17"]
[EventType "tourn"]
[EventCountry "NET"]
[SourceTitle "playchess.com"]
[Source "ChessBase"]
[SourceQuality "1"]

{[%evp 14,90,15,5,22,-22,0,0,0,0,9,0,0,0,0,0,4,-2,-1,-10,14,18,14,-20,0,0,0,0,0,0,0,0,60,0,0,0,0,0,0,0,0,-7,-8,-5,-4,-8,-4,-5,-4,-5,-5,-11,-13,-21,-23,-28,0,0,0,0,0,0,8,0,8,8,8,8,304,304,304,304,304,304,304,304,304,304,304]} 1. d4 Nf6 2. Nf3 g6 3. g3 Bg7 4. Bg2 O-O 5. O-O d6 6. b3 c5 7. Bb2 cxd4 8. Nxd4 d5 {A49: 1 d4 Nf6 2 Nf3 g6 3 g3: Anti-King's Indian systems.} 9. Qc1 e5 10. Nf3 e4 {The position is equal.} 11. Nd4 Nc6 12. Rd1 {[#]} Ng4 $146 {...Qf6 is the strong threat.} ({Predecessor:} 12... Qb6 13. h3 Be6 14. e3 Rac8 15. Qd2 Nd7 16. Nxe6 Bxb2 17. Nxf8 Nxf8 18. Na3 Bxa1 19. Rxa1 {0-1 (28) Ossig,R-Krueger,E (2255) Dortmund 2010}) 13. Nxc6 bxc6 14. Bxg7 Kxg7 15. Qb2+ Qf6 16. Qxf6+ Kxf6 (16... Nxf6 {with more complications.} 17. c4 dxc4 18. Nc3 Bf5 19. Rd4 cxb3 20. axb3 Rfb8) 17. h3 Ne5 18. Na3 h5 19. c4 Be6 20. cxd5 cxd5 21. Nb5 Rac8 22. Rac1 g5 (22... Rxc1 $11 23. Rxc1 Rb8 24. Nxa7 Rb7) 23. Nxa7 ({Better is} 23. Nc7 $1 $14) 23... Rxc1 $11 24. Rxc1 Ra8 25. Rc7 Bd7 26. a4 Rb8 27. f4 exf3 $1 28. exf3 {And now f4 would win.} Ke6 29. f4 gxf4 30. gxf4 {[#]} Kd6 31. Rc3 Ng6 32. Bf1 Nxf4 33. Nb5+ Bxb5 34. axb5 {[%mdl 4096] Endgame KRB-KRN} Rb6 35. Kf2 Ne6 36. Rf3 Rb7 37. Rf5 Nd4 38. Rxh5 Nxb5 {[#]} (38... Rb8 {feels hotter.} 39. Rh4 Ke5 40. Bd3 Nxb3 41. Rb4 Nc5) 39. Rxd5+ $1 Kxd5 40. Bg2+ Ke5 $2 {[%mdl 8192] A mistake that costs the game.} (40... Kc5 $1 $11 41. Bxb7 Kd4) 41. Bxb7 $18 {White has a decisive advantage.} Nd4 {[#]} 42. b4 Nc2 43. b5 Na3 44. Bc6 Nxb5 45. Bxb5 Kf6 {[%mdl 32768] Weighted Error Value: White=0.06/Black=0.23. An unexpected result.} 1/2-1/2

[Event "ESNH-ch 2021"]
[Site "Tornelo"]
[Date "2021.04.17"]
[Round "4.2"]
[White "Luke Brezmes, Cristofer"]
[Black "Berend, Fred"]
[Result "1-0"]
[WhiteElo "2043"]
[BlackElo "2323"]
[Annotator "TA"]
[PlyCount "89"]
[EventDate "2021.04.17"]
[EventType "tourn"]
[EventCountry "NET"]
[SourceTitle "playchess.com"]
[Source "ChessBase"]
[SourceQuality "1"]

{[%evp 22,89,2,12,11,-7,0,0,0,0,0,-20,-22,-42,-28,-76,-14,-26,0,-159,-118,-131,-110,-130,-122,-125,-58,-43,-15,-28,-22,-28,29,27,42,0,0,0,0,0,0,0,0,0,0,-60,0,0,0,0,0,0,0,0,0,0,8,8,8,8,364,68,29952,6620,29966,29967,29969,29970,29992,29993]} 1. e4 c5 2. Nc3 Nc6 3. g3 g6 4. Bg2 Bg7 5. d3 d6 6. f4 e6 7. Nf3 Nge7 8. O-O O-O 9. Be3 Nd4 10. Rb1 Rb8 11. Ne2 Nxe2+ 12. Qxe2 b6 {B25: Closed Sicilian: 3 g3, lines without early Be3.} 13. g4 f5 14. h3 {[#]} Qd7 $146 {The position is equal.} ({Predecessor:} 14... h6 15. Bd2 Bd7 16. Rbe1 Rf7 17. Bc1 Qc7 18. Nh4 Rbf8 19. gxf5 exf5 20. exf5 Bxf5 21. Nxf5 gxf5 {1-0 (37) Atalik,E (2366)-Kozlovskaya,V (2246) Elista 2002}) 15. c3 Bb7 16. Rbd1 Rbe8 17. Qc2 Qc8 18. Rfe1 {[#]} Bh6 (18... e5 $1 $17 19. gxf5 gxf5) 19. exf5 $11 gxf5 20. Ng5 $2 ({Better is} 20. g5 $11 Bg7 21. h4) 20... Bxg5 21. fxg5 f4 22. Bf2 Bxg2 23. Kxg2 e5 ({Black should play} 23... Ng6 $17 24. c4 Qd8) 24. d4 $15 cxd4 25. Qb3+ Rf7 {...Qa8+ is the strong threat.} 26. cxd4 Qb7+ ({Black should try} 26... Ng6 27. dxe5 dxe5) 27. Qf3 $11 Nc6 28. Rc1 Nb4 {And now ...e4 would win.} 29. Qxb7 Rxb7 30. dxe5 Nd3 31. exd6 Nxe1+ 32. Bxe1 {[%mdl 4096] Endgame KRR-KRB} Rd7 33. Bb4 (33. Rd1 $11) 33... Re2+ (33... a5 $15 34. Ba3 b5) 34. Kf3 {[%mdl 64] [#] Double Attack} Rxb2 {[%mdl 64] Double Attack} 35. Rc7 Rxc7 36. dxc7 {KR-KB} Rc2 37. Bd6 Kf7 38. Bxf4 Ke6 39. h4 b5 40. h5 {Threatens to win with g6.} Kf7 {[%mdl 8192]} (40... Rc3+ $11 41. Kg2 Rc4) 41. Ke4 $2 (41. Be5 $18) 41... b4 $2 {[%mdl 8192]} (41... Ke6 $14) 42. Kd5 Ke7 43. g6 {White mates.} hxg6 44. h6 Kd7 45. h7 {Weighted Error Value: White=0.42/Black=0.68} 1-0

[Event "ESNH-ch 2021"]
[Site "Tornelo"]
[Date "2021.04.17"]
[Round "4.3"]
[White "Darmanin, Jake"]
[Black "Wiedenkeller, Michael"]
[Result "1/2-1/2"]
[WhiteElo "2106"]
[BlackElo "2445"]
[Annotator "TA"]
[PlyCount "75"]
[EventDate "2021.04.17"]
[EventType "tourn"]
[EventCountry "NET"]
[SourceTitle "playchess.com"]
[Source "ChessBase"]
[SourceQuality "1"]

{[%evp 10,75,0,0,8,7,19,10,13,2,3,2,8,4,10,13,18,11,21,21,41,18,47,39,64,40,69,67,53,29,45,47,38,52,37,42,53,50,71,18,45,45,121,118,156,152,155,155,155,153,175,142,154,143,175,169,180,113,109,53,63,0,0,0,62,0,0,0]} 1. e4 e6 2. d4 d5 3. Nc3 Nf6 4. e5 Nfd7 5. f4 c5 6. Nf3 Be7 {C11: French: Classical System: 4 e5 and 4 Bg5 dxe4.} 7. Be3 b6 8. Qd2 O-O 9. Be2 Nc6 10. O-O Bb7 11. Nd1 cxd4 12. Nxd4 Nxd4 13. Bxd4 Nc5 {[#]} 14. c3 $146 ({Predecessor:} 14. Nf2 Qc8 15. Rfe1 Ne4 16. Nxe4 dxe4 17. c3 Rd8 18. Qe3 Qc6 19. a4 g6 20. a5 {1-0 (80) Giri,A (2779)-Bareev,E (2643) Amsterdam 2019}) 14... Qc7 15. Nf2 Rad8 16. Qe3 Qc8 17. Rfd1 Ne4 18. Nxe4 dxe4 19. Rd2 f5 20. exf6 $1 Bxf6 21. Rad1 Bxd4 22. Rxd4 Rxd4 23. Rxd4 Qc7 24. Bg4 (24. g3 $16) 24... Bd5 25. g3 Bxa2 (25... Qc5 $14) 26. Rxe4 $16 Qd6 27. Ra4 Bb3 28. Rxa7 Rb8 29. Kf2 h6 30. Qd4 Qxd4+ 31. cxd4 {[%mdl 4096] Endgame KRB-KRB} Bd5 32. Ke3 Rc8 33. Kd2 (33. Rd7 $18 {Hoping for Rxd5!} Rc6 34. Bh5) 33... Rc4 {[#]} 34. Kd3 (34. Be2 $1 $16 {[%cal Re2c4]} Rb4 35. Kc3 Rb3+ 36. Kc2) 34... Rb4 $14 35. Kc3 (35. Bh5 $14) 35... Rc4+ $1 $11 36. Kd3 ({White should try} 36. Kd2 $11) 36... Rb4 $14 37. Kc3 (37. Bh5 $14) 37... Rc4+ $1 $11 38. Kd3 {Weighted Error Value: White=0.16/Black=0.13} 1/2-1/2

[Event "ESNH-ch 2021"]
[Site "Tornelo"]
[Date "2021.04.17"]
[Round "4.4"]
[White "Efimov, Igor"]
[Black "Ziska, Helgi Dam"]
[Result "1/2-1/2"]
[WhiteElo "2416"]
[BlackElo "2539"]
[Annotator "TA"]
[PlyCount "43"]
[EventDate "2021.04.17"]
[EventType "tourn"]
[EventCountry "NET"]
[SourceTitle "playchess.com"]
[Source "ChessBase"]
[SourceQuality "1"]

{[%evp 13,43,26,36,7,18,11,21,2,6,5,15,-4,-3,0,-7,-21,-12,-16,0,-27,4,0,19,29,19,26,33,36,43,42,35,0]} 1. d4 Nf6 2. Nf3 g6 3. g3 Bg7 4. Bg2 O-O 5. O-O d6 6. a4 Nbd7 7. a5 c6 8. Nc3 {A49: 1 d4 Nf6 2 Nf3 g6 3 g3: Anti-King's Indian systems.} (8. b3 Qc7 9. Nbd2 Re8 10. Nc4 Rb8 11. Re1 b5 12. axb6 axb6 13. e4 b5 14. Na5 e5 15. dxe5 dxe5 16. b4 c5 17. c3 Bf8 18. Bd2 Nh5 19. h3 Nb6 20. Qe2 Bd7 21. Nh2 Ng7 22. Ng4 Bxg4 23. hxg4 c4 24. Red1 Ne6 {½-½ (24) Efimov,I (2397)-Ziska,H (2543) Andorra la Vella 2017}) 8... Qc7 9. e4 e5 10. Re1 {The position is equal.} Rb8 11. b3 Re8 12. Bb2 b5 13. axb6 axb6 {[#]} 14. d5 $146 ({Predecessor:} 14. Ba3 Bf8 15. Qd2 Bb7 16. dxe5 Nxe5 17. Ng5 Rbd8 18. f4 Ned7 19. Kh1 Nc5 20. b4 {0-1 (58) Laramore,V (1596)-Koh,K (1456) IECC email 2010}) 14... b5 15. dxc6 Qxc6 16. Nd5 Nc5 {[#]} 17. Nd4 $1 Qd7 {aiming for ...Nxd5.} ({Much worse is} 17... exd4 $6 18. Nxf6+ Bxf6 19. e5 $16) (17... Qb7 18. Nxf6+) 18. Nxf6+ Bxf6 19. Ne2 Qc6 {[#]} 20. Nf4 $1 {White is slightly better.} Bg7 (20... Be6 21. Nxe6) 21. Nd5 Be6 22. Qd2 {Weighted Error Value: White=0.07/Black=0.08} (22. Nb4 $5 {[%cal Rb4c6]} Qd7 23. Ba3 $14) 1/2-1/2

[Event "ESNH-ch 2021"]
[Site "Tornelo"]
[Date "2021.04.17"]
[Round "4.5"]
[White "Righi, Ezio"]
[Black "Carpenter, Paul A"]
[Result "1-0"]
[WhiteElo "1915"]
[BlackElo "1982"]
[Annotator "RC"]
[PlyCount "119"]
[EventDate "2021.04.17"]
[EventType "tourn"]
[EventCountry "NET"]
[SourceTitle "playchess.com"]
[Source "ChessBase"]
[SourceQuality "1"]
[TimeControl "7200+30"]

1. e4 {[%emt 0:00:06]} c6 {[%emt 0:01:04]} 2. d4 {[%emt 0:00:14]} d5 {[%emt 0:01:10]} 3. Nc3 {[%emt 0:00:06]} dxe4 {[%emt 0:00:36]} 4. Nxe4 {[%emt 0:00:07]} Nd7 {[%emt 0:02:08]} 5. Nf3 {[%emt 0:01:38]} Ngf6 {[%emt 0:02:08]} 6. Nxf6+ {[%emt 0:03:25]} Nxf6 {[%emt 0:00:36]} 7. Bc4 {[%emt 0:01:14]} Bf5 {[%emt 0:04:57]} 8. c3 {[%emt 0:07:00]} e6 {[%emt 0:02:17]} 9. O-O {[%emt 0:03:07]} Bd6 {[%emt 0:01:49]} 10. a4 {[%emt 0:03:22]} Qc7 {[%emt 0:05:56]} 11. Re1 {[%emt 0:02:34]} Bg4 {[%emt 0:02:32]} 12. h3 {[%emt 0:00:17]} Bh5 {[%emt 0:05:19]} 13. Qd3 {[%emt 0:01:51]} O-O-O {[%emt 0:04:12]} 14. b4 {[%emt 0:03:11]} h6 {[%emt 0:01:31]} 15. Bd2 {[%emt 0:08:49]} g5 {[%emt 0:02:40]} 16. g4 {[%emt 0:07:49]} Nxg4 {[%emt 0:07:09]} 17. hxg4 {[%emt 0:00:13]} Bxg4 {[%emt 0:00:03]} 18. Kg2 {[%emt 0:02:40]} Rdg8 {[%emt 0:23:47]} 19. Ne5 {[%emt 0:02:26]} Bf5 {[%emt 0:01:37]} 20. Qe2 {[%emt 0:01:37]} h5 {[%emt 0:24:06]} 21. Bd3 {[%emt 0:02:49]} h4 {[%emt 0:14:22]} 22. Bxf5 {[%emt 0:02:59]} exf5 {[%emt 0:00:33]} 23. Qf3 {[%emt 0:02:26]} h3+ {[%emt 0:01:24]} 24. Kh1 {[%emt 0:00:37]} f4 {[%emt 0:06:06]} 25. Qg4+ {[%emt 0:04:22]} Kb8 {[%emt 0:00:12]} 26. Nd7+ {[%emt 0:02:06]} Ka8 {[%emt 0:00:06]} 27. Nf6 {[%emt 0:00:31]} Qc8 {[%emt 0:03:08]} 28. Qxc8+ {[%emt 0:01:34]} Rxc8 {[%emt 0:00:05]} 29. Rg1 {[%emt 0:02:05]} Be7 {[%emt 0:01:21]} 30. Nd7 {[%emt 0:02:15]} h2 {[%emt 0:02:29]} 31. Rge1 {[%emt 0:01:08]} Bd6 {[%emt 0:00:38]} 32. f3 {[%emt 0:01:52]} Rh3 {[%emt 0:00:34]} 33. Rf1 {[%emt 0:03:01]} b6 {[%emt 0:02:24]} 34. Rae1 {[%emt 0:05:11]} Kb7 {[%emt 0:00:37]} 35. Re2 {[%emt 0:01:10]} Rch8 {[%emt 0:01:28]} 36. Nf6 {[%emt 0:00:57]} Kc7 {[%emt 0:01:05]} 37. Rg2 {[%emt 0:03:55]} Rg3 {[%emt 0:01:35]} 38. Ne4 {[%emt 0:01:16]} Rxg2 {[%emt 0:00:25]} 39. Kxg2 {[%emt 0:00:04]} f5 {[%emt 0:00:08]} 40. Nxd6 {[%emt 0:00:49]} Kxd6 {[%emt 0:00:04]} 41. Rh1 {[%emt 0:00:15]} Kd5 {[%emt 0:02:22]} 42. Rxh2 {[%emt 0:00:24]} Rxh2+ {[%emt 0:00:17]} 43. Kxh2 {[%emt 0:00:02]} a6 {[%emt 0:00:30]} 44. Kg2 {[%emt 0:00:06]} c5 {[%emt 0:02:42]} 45. dxc5 {[%emt 0:00:55]} bxc5 {[%emt 0:00:04]} 46. Kf2 {[%emt 0:02:33]} c4 {[%emt 0:00:41]} 47. Kg2 {[%emt 0:01:00]} Ke5 {[%emt 0:00:21]} 48. Kh3 {[%emt 0:00:10]} Kd5 {[%emt 0:02:04]} 49. Bxf4 {[%emt 0:00:16]} gxf4 {[%emt 0:00:18]} 50. Kh4 {[%emt 0:00:03]} Kd6 {[%emt 0:00:07]} 51. Kg5 {[%emt 0:00:06]} Ke5 {[%emt 0:00:03]} 52. Kg6 {[%emt 0:00:04]} Ke6 {[%emt 0:00:10]} 53. b5 {[%emt 0:00:11]} axb5 {[%emt 0:00:04]} 54. axb5 {[%emt 0:00:02]} Kd5 {[%emt 0:00:27]} 55. Kxf5 {[%emt 0:00:03]} Kc5 {[%emt 0:00:02]} 56. Kxf4 {[%emt 0:00:01]} Kxb5 {[%emt 0:00:01]} 57. Ke4 {[%emt 0:00:02]} Ka4 {[%emt 0:00:28]} 58. f4 {[%emt 0:00:05]} Kb3 {[%emt 0:00:06]} 59. Kd4 {[%emt 0:00:04]} Kc2 {[%emt 0:00:04]} 60. f5 {[%emt 0:00:05]} 1-0

[Event "ESNH-ch 2021"]
[Site "Tornelo"]
[Date "2021.04.17"]
[Round "5.1"]
[White "Carpenter, Paul A"]
[Black "Constantinou, Pavlos"]
[Result "1/2-1/2"]
[WhiteElo "1982"]
[BlackElo "2120"]
[Annotator "TA"]
[PlyCount "88"]
[EventDate "2021.04.17"]
[EventType "tourn"]
[EventCountry "NET"]
[SourceTitle "playchess.com"]
[Source "ChessBase"]
[SourceQuality "1"]

{[%evp 14,88,22,0,0,-12,-8,-18,-14,-72,-49,-46,-11,-29,6,-80,-49,-64,-6,-77,-31,-37,-18,-18,-18,-23,-6,-7,-9,-4,-6,-6,-4,-4,-4,-4,-4,-4,-4,-4,-4,-2,-5,-4,-4,-4,-4,-4,-1,0,0,-4,0,-4,0,-25,-25,-57,27,27,44,12,46,34,35,8,12,1,25,-20,-13,-13,-13,-13,-13,-13,-13]} 1. d4 Nf6 2. Nf3 e6 3. Nbd2 d5 4. e3 c5 5. Be2 Nc6 6. O-O Bd6 7. b3 O-O 8. Bb2 b6 {A06: Réti Opening: 1 Nf3 d5.} 9. Ne5 Bb7 10. Ndf3 Ne7 {[#]} 11. h3 $146 (11. c4 $11 {keeps the balance.}) ({Predecessor:} 11. Bd3 cxd4 12. exd4 Ne4 13. Nd2 f6 14. Nef3 Ng6 15. Re1 f5 16. Bf1 Qf6 17. c4 {½-½ (40) Zimmermann,M-Schulz,T Germany 1989}) 11... Ne4 12. Nd2 Nxd2 13. Qxd2 f6 14. Ng4 (14. Nf3 $11 {remains equal.}) 14... Rc8 15. c4 Bb8 (15... cxd4 $15 16. exd4 Qd7) 16. Bd3 (16. dxc5 $11 bxc5 17. Rad1) 16... f5 17. Ne5 Bxe5 18. dxe5 dxc4 19. bxc4 Rc7 {[#] And now ...Be4 would win.} 20. Qe2 Rd7 21. Rad1 Qc7 22. Bc2 Qc6 {[%csl Gb7][%cal Rc6g2]} 23. f3 Rfd8 24. Rxd7 Rxd7 25. Rd1 Qc7 26. Kf2 Qd8 27. Rxd7 Qxd7 28. Qe1 Qd8 (28... h6 {is interesting.} 29. Qe2 g5 30. g4 Ng6 31. Qd3 Qxd3 32. Bxd3 Bc8) 29. Qd1 Qxd1 30. Bxd1 $11 {[%mdl 4096] Endgame KBB-KBN} Nc6 31. Bc3 Kf7 32. f4 Nd8 33. g3 a6 34. a4 Be4 35. a5 bxa5 (35... b5 $1 $15 36. cxb5 axb5) 36. Bxa5 Nb7 37. Bc3 a5 38. Ba4 Ke7 39. Bb5 Kd8 40. Ke2 Kc7 41. Ba6 a4 {The position is equal.} 42. Bxb7 Kxb7 43. Bb2 Kb6 44. Kd2 Bg2 {Weighted Error Value: White=0.18/Black=0.16} 1/2-1/2